Регионална библиотека "Любен Каравелов" - Русе

Изкуството на романа (Запис номер 71586)

MARC детайли
000 -Лидер
Контролно поле с фиксирана дължина 01422nam a2200337 c 4500
003 - Код на организацията, давaща контролен номер
Контролно поле BLK
005 - Дата и час на последна редакция
Контролно поле 20180422103228.0
008 - Елементи от данни с фиксирана дължина
fixed length control field 180408b bul|||||r ||||||| ||bul||
010 ## - Наследен системен номер
LC control number KNG00075957000
020 ## - Международен стандартен номер на книга ISBN
Международен стандартен номер на книга ISBN 978-954-529-494-5
-- издат.: Колибри
040 ## - Източник на каталожния запис
Идентификатор на билиотеката - собственик на записа BLK
041 ## - Код за език
Код за езика на текст/звукозапис или на отделно заглавие Български
Код за езика КДБФ Български
080 ## - УДК
Текстов определител УДК Лингвистични и филоложки изследвания върху литературата. Употребява се, като към 820/899 се добавят деленията на 801
УДК код - определител по УДК 82:801.6
УДК определител
УДК - код + определител 82:801.6
100 1# - Редна дума - Автор
Автор Кундера, Милан
Авторска отговорност първи автор
R(LIN) 85602
139 ## - Редно поле
Редна дума Кундера, Милан
Авторски знак Ку - К 93
245 10 - Сведения за заглавието
Заглавие Изкуството на романа
Редно поле (дума) Милан Кундера; прев. от фр. Боян Знеполски.
257 ## - Страна на издаване
Страна на създаване/издаване Чехия
260 ## - Област на издателските данни
-- София
Име на издателя, разпространителя и проч. Колибри
Година на издаване 2007
Печатница София : Симолини
300 ## - Физическа характеристика
Страници 168 с.
Размери/Мащаб 20 см
380 ## - Жанр
Жанр Худож. лит.
500 ## - Общи забележки
Забележка Ориг. загл. L'art du roman / Milan Kundera. - Офс. изд.
650 #4 - Допълнително описание по предмет – тема
Основно описание – тема или топоним Литературна теория
9 (RLIN) 276215
653 ## - Ключова дума – ненормативна
Ключова дума литературна теория
653 ## - Ключова дума – ненормативна
Ключова дума романи
700 1# - Други автори (авторска отговорност)
Лично име Знеполски, Боян
Автороска отговорност (Описва отношението между автора и произведението) прев. от фр.
9 (RLIN) 369221
852 ## - Местоположение
Форматна сигнатура Цб 234542
856 4# - Електронен адрес и достъп
Електронен формат pdf - файл
Път до файла /url/
856 4# - Електронен адрес и достъп
Електронен формат pdf - файл
Път до файла /url/
942 ## - АРТИКУЛИ
Вид на библиотечния материал Книги
Скрит в OPAC Не
944 ## - СЪЗДАВАНЕ И РЕДАКЦИЯ на ЗАПИСА
Създаване/Редакция Създаване
Дата на регистрацията/редакция 22.06.2007
Служител, извършил регистрацията/редакцията Геновева_Генчева
944 ## - СЪЗДАВАНЕ И РЕДАКЦИЯ на ЗАПИСА
Създаване/Редакция Редакция
Дата на регистрацията/редакция 19.12.2016
Служител, извършил регистрацията/редакцията Виолета_Тройчева
999 ## - СИСТЕМНИ КОНТРОЛНИ НОМЕРА
Koha biblionumber 71586
Koha biblioitemnumber 71586
Наличности
Код за отписване Код за изгубен артикул Източник на класификационната схема Код за повреда Коз за рестрикции Код за отдаване Артикулен № Име на библиотеката - собственик Име на библиотеката, в която се намира в момента Статус (Текущо местоположение) Дата на вписване в системата Местоположение - отдел Цена в лева Инвентарен номер Систематично азбучна сигнатура Баркод Номер на екземпляра Цена в евро Служебна бележка Служебен тип на артикула
  Не е изгубен Universal Decimal Classification Не е повреден без рестрикции заемане за дома 116833 Регионална библиотека "Любен Каравелов" Русе Регионална библиотека "Любен Каравелов" Русе Заемна - подръчен фонд 2007-06-22 Заемна - подръчен фонд 12.00 120000714857 82.01/.09/К 93 120000714857 1 6.14 Дост: Pk Вид: Ф N: 5882 Дата: 20.06.2007 Дата инв: 08.02.2018 Бележки инв: П2018 Книги
Изтеглен Не е изгубен Universal Decimal Classification Не е повреден без рестрикции заемане за дома 116834 Регионална библиотека "Любен Каравелов" Русе Регионална библиотека "Любен Каравелов" Русе Заемна - подръчен фонд 2008-05-19 Заемна - подръчен фонд 12.00 120000726366 82.01/.09/К 93 120000726366 2 6.14 Дост: Pk Вид: Ф N: 3667 Дата: 14.05.2008 Дата инв: 08.02.2018 Бележки инв: П2018 Книги
Изтеглен Не е изгубен Universal Decimal Classification Не е повреден без рестрикции заемане за дома 116835 Регионална библиотека "Любен Каравелов" Русе Регионална библиотека "Любен Каравелов" Русе Заемна - подръчен фонд 2008-05-19 Заемна - подръчен фонд 12.00 120000726367 П 82.0/К 93 120000726367 3 6.14 Дост: Pk Вид: Ф N: 3667 Дата: 14.05.2008 Дата инв: 19.02.2018 Бележки инв: П2018 Книги
  Не е изгубен   Не е повреден без рестрикции ползва се в читалня 116836 Регионална библиотека "Любен Каравелов" Русе Регионална библиотека "Любен Каравелов" Русе Хранилище 2010-01-21 Хранилище 12.00 120000741004 Цб 234542 120000741004 4 6.14 Дост: Dp Вид: Д N: 28 Дата: 01.07.2009 Книги
Vip Innovations Ltd, Rousse, Bulgaria 2025